Estatísticas para Cristiano Ronaldo

Clique aqui para jogar o quiz

Estatísticas Gerais

  • Esse quiz foi jogado 270 vezes
    (203 desde o último reset)
  • A pontuação média é 7 de 7

Estatísticas das Respostas

AnosClubes% Correto
2009-2018Real Madrid
99%
2018-2021Juventus
98%
2003-2009Manchester United
98%
2021-2022Manchester United
98%
2002-2003Sporting CP
98%
(Seleção)2003-Portugal
89%
2022-Al-Nassr
87%

Distribuição das Pontuações

Percentil de Números Respondidos

Porcentagem de Pessoas com Cada Pontuação

Sua Pontuação Histórica

Você não jogou esse quiz desde o último reset